00441nam a22001217a 4500020001600000082001000016100001900026245014900045260003600194300002700230650003800257700002400295 qHard Cover. a624.1 aJaved, Khurram aA Study of Self Compacting Cementitious System using Lime Stone Powder, Marble Powder and Ground Granulated Blast Furnace SLAG /cKhurram Javed. aIslamabad:bSCEE - Nust,c2012. a62 p. :bill. ;c30cm. aStructural Engineering MS-Thesis. aDr. Syed Ali Rizwan